Nghiên cứu, thiết kế và thi công thiết bị ghi chỉ số điện từ xa ứng dụng công nghệ Bluetooth 4.0

Saved in:
Bibliographic Details
Main Author: Phan, Xuân Lễ
Other Authors: Trần, Thanh Trang
Format: Book
Language:Undetermined
Subjects:
Online Access:http://lrc.tdmu.edu.vn/opac/search/detail.asp?aID=2&ID=38882
Tags: Add Tag
No Tags, Be the first to tag this record!
Institutions: Trung tâm Học liệu Trường Đại học Thủ Dầu Một
LEADER 00711nam a2200157Ia 4500
001 TDMU_38882
008 210410s9999 xx 000 0 und d
082 |a 345 
100 |a Phan, Xuân Lễ 
245 0 |a Nghiên cứu, thiết kế và thi công thiết bị ghi chỉ số điện từ xa ứng dụng công nghệ Bluetooth 4.0 
245 0 |c Phan Xuân Lễ...[và những người khác] 
300 |a Tr.114-120 
650 |a Công nghệ Bluetooth 4.0; EDMI MK7C; Chỉ số công tơ 
700 |a Trần, Thanh Trang 
856 |u http://lrc.tdmu.edu.vn/opac/search/detail.asp?aID=2&ID=38882 
980 |a Trung tâm Học liệu Trường Đại học Thủ Dầu Một